Organon: graece
Spremljeno u:
| Glavni autori: | , |
|---|---|
| Format: | Knjiga |
| Jezik: | latinski grčki |
| Izdano: |
Scientia
1965
|
| Teme: | |
| Oznake: |
Dodaj oznaku
Bez oznaka, Budi prvi tko označuje ovaj zapis!
|
MARC
| LEADER | 00000nam a2200000 a 4500 | ||
|---|---|---|---|
| 001 | UCY7047 | ||
| 003 | CL-VaPUC | ||
| 008 | 950602e19650000GW |||||||||||||||||lat|d | ||
| 041 | 0 | 7 | |a lat |2 CL-VaPUC |
| 041 | 0 | 7 | |a gre |2 CL-VaPUC |
| 082 | 0 | 4 | |a 185 |b ARI |2 21 |
| 100 | |a Aristóteles, |d 384 a.C.- 322 a.C. |e author |9 194 | ||
| 700 | 0 | |a Waitz, Theodor |e author |9 337319 | |
| 245 | 1 | 0 | |a Organon: graece |
| 300 | |a v | ||
| 942 | |c BK | ||
| 945 | |d 19950602 00:00:00 |a oaravena | ||
| 260 | |b Scientia |c 1965 | ||
| 500 | |a v.2 Analytica posteriora | ||
| 500 | |a v.2 Topica | ||
| 650 | 0 | |a Filosofía |9 223554 | |
| 650 | 0 | |a Filosofía antigua |9 255705 | |
| 650 | 0 | |a Lógica |9 256849 | |
| 651 | 0 | |a Grecia |9 265314 | |
| 583 | |a last modification |c 20120828 10:58:40 |k Rodrigo Vera | ||
| 999 | |c 234521 |d 234519 | ||
| 952 | |0 0 |1 0 |4 0 |6 185_000000000000000_ARI_1965 |7 0 |8 P |9 240962 |a BIBEDU |b BIBEDU |c BIBEDU_PB |d 2019-11-18 |h v.2 |i 1514830 |l 1 |o 185 ARI 1965 |p 1514830 |r 2024-01-25 |s 2022-04-04 |w 2019-11-18 |y BK |k FIL | ||